Colegio de Carreras establecido en San Gervasio á 2 1/2 kilómetros de Barcelona. (Record no. 171593)

MARC details
000 -LEADER
campo de control de longitud fija 00488nam a22001455i 4500
001 - NÚMERO DE CONTROL
campo de control 171593
003 - IDENTIFICADOR DE NÚMERO DE CONTROL
campo de control ES-MaACL
005 - FECHA Y HORA DE LA ÚLTIMA TRANSACCIÓN
campo de control 20230906214654.0
008 - DATOS DE LONGITUD FIJA--INFORMACIÓN GENERAL
campo de control de longitud fija 090521s1881 sp |||| | spa d
110 2# - ENTRADA PRINCIPAL--NOMBRE DE ENTIDAD CORPORATIVA
Nombre de entidad corporativa o nombre de jurisdicción como elemento de entrada Colegio de Carreras (Barcelona)
9 (RLIN) 140272
245 10 - MENCIÓN DEL TÍTULO
Título Colegio de Carreras establecido en San Gervasio á 2 1/2 kilómetros de Barcelona.
260 ## - PUBLICACIÓN, DISTRIBUCIÓN, ETC.
Lugar de publicación, distribución, etc. [S.l. :
Nombre del editor, distribuidor, etc. s.n.],
Fecha de publicación, distribución, etc. 1881 (
Fabricante Imp. de Inglada y Pujadas)
300 ## - DESCRIPCIÓN FÍSICA
Extensión 16 p., [1] h. pleg. ;
Dimensiones 19 cm.
852 ## - LOCALIZACIÓN
Ubicación ES-MaACL
Número de control de estantería T-368-F-14
Holdings
Estatus retirado Estado de pérdida Estado de daño No para préstamo Colección Biblioteca de origen Biblioteca actual Ubicación en estantería Fecha de adquisición Fuente de adquisición Total de préstamos Signatura topográfica completa Código de barras Visto por última vez Precio de reemplazo Tipo de ítem Koha
        Colección de folletos Biblioteca del Ateneo de Madrid Biblioteca del Ateneo de Madrid Depósito folletos 21/05/2009     T-368-F-14 1180075 23/02/2023 23/02/2023 Folleto